000 00837nam a2200289 a 4500
008
020 _a027336135X (pbk.)
049 0 _aMAIN
090 _aHD21
_bBUR
100 1 _aBurnham, T.H.
245 1 0 _aElements of industrial organization,
_c[by] T.H. Burnham and G.O. Hoskins.
250 _a8th ed.
260 _aLondon,:
_bPitman,
_c1971.
300 _av, 298 p.:
_bill.;
_c22 cm.
440 _aPitman paperbacks
500 _aEarlier editions issued as v. 1 of Engineering economics.
500 _aIncludes index.
650 0 _aIndustrial organization.
650 0 _aMoney.
700 1 _aHoskins, George Owen.
700 1 _aBurnham, T. H.
907 _a.b10162367
_b06-11-12
_c09-05-05
003
005 20230123134007.0
040 _cNUST
942 _cBOOKS
_kHD21
_mBUR
999 _c158172
_d158172